Countries by stereotypes - Statistics

General Stats
  • This quiz has been taken 153 times
  • The average score is 16 of 20
Answer Stats
Stereotypes Country % Correct
Only drinks vodka! Russia
95%
Heavy tea drinkers United Kingdom
95%
Freedom, guns and eagles! United States
95%
Only eats spaghetti Italy
94%
Eats dogs! China
90%
Every woman is "Kawaii" Japan
87%
Messi Argentina
86%
Drug lords Mexico
81%
Hitler! Austria
80%
Surrenders! France
80%
Everything is upside down Australia
78%
LEGO Denmark
77%
Bicycles, everywhere! Netherlands
77%
That everyone can play football Brazil
76%
That everybody is a internetscammer India
75%
They only eat kebab Turkey
73%
Only known for Borat! kazakhstan
66%
Only consists of Johannesburg and The Kruger Nationalpark South Africa
65%
All policemen drive Lamborghini United Arab Emirates
45%
Uses meece as transport Canada
42%
No matching quizzes found
Score Distribution
Percent of People with Each Score
Percentile by Number Answered
Your Score History
You have not taken this quiz